| 000 | 00613nam a22002057a 4500 | ||
|---|---|---|---|
| 999 |
_c4502 _d4502 |
||
| 003 | AR-CdUCM | ||
| 008 | 190308b ||||| |||| 00| 0 spa d | ||
| 040 |
_aMUNICIPALIDAD PROVINCIAL DEL CUSCO _cBIBLIOTECA MUNICIPAL DEL CUSCO |
||
| 082 |
_a869.56 / _bZ76 |
||
| 100 |
_aZilbert, Omar _91558 |
||
| 245 |
_aPoesía : _bAntología / |
||
| 260 |
_aLima : _bThesis, _c1965. |
||
| 300 |
_a106 páginas ; _c21 cm. |
||
| 500 | _a"25 años de quehacer poético" Donación de la familia Nieto. | ||
| 650 |
_aPoesías peruanas _91481 |
||
| 650 |
_aPerú _935 |
||
| 650 |
_aSiglo XX _98 |
||
| 942 |
_2ddc _cPP |
||
| 945 | _araen | ||